Statistiken für Top 15 Länder mit Covid-19-Todesfällen - 2. Dezember

Klicken Sie hier um das Quiz zu spielen!

Allgemein

  • Dieses Quiz wurde 11 mal gespielt
  • Das Durchschnittsergebnis liegt bei 13 aus 21

Antwortstatistiken

Land% Korrekt
Vereinigte Staaten
100%
Frankreich
89%
Russland
89%
Brasilien
78%
Indien
78%
Italien
78%
Mexiko
78%
Peru
78%
Polen
78%
Spanien
78%
Argentinien
67%
Kolumbien
67%
Vereinigtes Königreich
67%
Iran
56%
Südafrika
56%
Belgien
44%
Chile
44%
Ecuador
44%
Bosnien und
Herzegowina
33%
Tschechien
33%
Nordmazedonien
11%

Verteilung der Resultate

Perzentil nach korrekt beantworteten Fragen

Anzahl Personen mit jedem Resultat

Ihre Resultats-Entwicklung

Sie haben dieses Quiz noch nicht gespielt